[Event "Senior-DM 65+ 2023"]
[Site "Aalborg"]
[Date "2023.02.23"]
[Round "5"]
[White "Olesen, Poul Erik Norgaard"]
[Black "Bjornes, Leif"]
[Result "1/2-1/2"]
[WhiteElo "1981"]
[BlackElo "1811"]
[PlyCount "111"]
[EventDate "2023.02.19"]
[EventType "swiss"]
[EventRounds "7"]
[EventCountry "DEN"]
[SourceTitle "Live v Hans Engen"]

1. e4 c6 2. d3 d5 3. Nd2 e5 4. Ngf3 Bd6 5. g3 Nf6 6. Bg2 O-O 7. O-O Bg4 8. Re1
Re8 9. c3 Nbd7 10. Nf1 dxe4 11. dxe4 Nc5 12. Qc2 Bh5 13. b4 Ne6 14. Be3 a5 15.
a3 Qc7 16. Nh4 c5 17. b5 b6 18. h3 Rad8 19. g4 Bg6 20. Nd2 Nd5 21. Nc4 Ndf4 22.
Rad1 f6 23. Nxg6 hxg6 24. Bf1 Be7 25. Bxf4 Nxf4 26. Ne3 Kf8 27. Nd5 Qb8 28.
Nxf4 exf4 29. Rd5 Bd6 30. Qd3 Be5 31. Rd1 Rxd5 32. Qxd5 Qa8 33. Qc4 Rd8 34. Rd5
Rxd5 35. exd5 Qe8 36. Bd3 Bd6 37. Kg2 Kf7 38. Be4 Qe5 39. Qd3 g5 40. Kf3 Kf8
41. a4 Ke7 42. Kg2 Kf8 43. Bf5 f3+ 44. Kxf3 Qf4+ 45. Kg2 c4 46. Qf3 Qxf3+ 47.
Kxf3 Be5 48. Bb1 Bxc3 49. Ba2 Be5 50. Bxc4 Bd6 51. Ke4 g6 52. f3 Ke7 53. Bd3
Kf7 54. Kd4 Bc5+ 55. Kc4 Bd6 56. Be4 1/2-1/2

[Event "Senior-DM 65+ 2023"]
[Site "Aalborg"]
[Date "2023.02.23"]
[Round "5"]
[White "Meldgaard, Frode"]
[Black "Johnsen, Oystein"]
[Result "1-0"]
[WhiteElo "1804"]
[BlackElo "1918"]
[PlyCount "121"]
[EventDate "2023.02.19"]
[EventType "swiss"]
[EventRounds "7"]
[EventCountry "DEN"]
[SourceTitle "Live v Hans Engen"]

1. e4 c5 2. Nc3 e6 3. Bc4 a6 4. a4 Nc6 5. Nf3 d6 6. d3 Be7 7. O-O Bf6 8. Ne2
Nd4 9. Nfxd4 cxd4 10. Ng3 g6 11. Bb3 Bd7 12. Bf4 e5 13. Bd2 h5 14. h3 h4 15.
Nh1 g5 16. f3 Ne7 17. Nf2 Ng6 18. Ng4 Nf4 19. Bxf4 gxf4 20. c3 dxc3 21. bxc3
Qb6+ 22. Kh1 Bg7 23. Rb1 Qc7 24. Bc4 Be6 25. Bxe6 fxe6 26. Qb3 Kd7 27. Rfd1
Rab8 28. d4 Ke7 29. Qa3 Kf7 30. a5 Rhd8 31. Rb6 exd4 32. cxd4 Qe7 33. Qb3 Rd7
34. d5 e5 35. Rb1 Rc8 36. Rxb7 Rc1+ 37. Rxc1 Rxb7 38. Qc3 Bf8 39. Nf2 Qd7 40.
Qc6 Ra7 41. Nd3 Be7 42. Nb4 Bd8 43. Qxd7+ Rxd7 44. Nc6 Bc7 45. Rb1 Bd8 46.
Nxd8+ Rxd8 47. Rb6 Ke7 48. Rxa6 Rb8 49. Ra7+ Ke8 50. Rh7 Rb1+ 51. Kh2 Ra1 52.
Rxh4 Rxa5 53. Rh7 Kf8 54. h4 Kg8 55. Rd7 Ra6 56. h5 Rb6 57. Kh3 Ra6 58. g3 Ra3
59. Kg4 fxg3 60. Kxg3 Ra6 61. Kg4 1-0

[Event "Senior-DM 65+ 2023"]
[Site "Aalborg"]
[Date "2023.02.23"]
[Round "5"]
[White "Christiansen, Jens Jorgen"]
[Black "Nielsen, Christian Volmer"]
[Result "1/2-1/2"]
[WhiteElo "2095"]
[BlackElo "1979"]
[PlyCount "35"]
[EventDate "2023.02.19"]
[EventType "swiss"]
[EventRounds "7"]
[EventCountry "DEN"]
[SourceTitle "Live v Hans Engen"]

1. d4 d5 2. c4 c6 3. Nf3 Nf6 4. e3 Bg4 5. h3 Bxf3 6. Qxf3 e6 7. cxd5 Bb4+ 8.
Bd2 Bxd2+ 9. Nxd2 Qxd5 10. Bc4 Qxf3 11. Nxf3 Nbd7 12. O-O O-O 13. b4 Nd5 14. a3
Rfe8 15. Rfd1 a5 16. b5 N7b6 17. Bxd5 cxd5 18. Nd2 1/2-1/2

[Event "Senior-DM 65+ 2023"]
[Site "Aalborg"]
[Date "2023.02.23"]
[Round "5"]
[White "Skovgaard, Tom"]
[Black "Mortensen, Steen Juul"]
[Result "1/2-1/2"]
[WhiteElo "1982"]
[BlackElo "1884"]
[PlyCount "40"]
[EventDate "2023.02.19"]
[EventType "swiss"]
[EventRounds "7"]
[EventCountry "DEN"]
[SourceTitle "Live v Hans Engen"]

1. e4 e5 2. Nf3 Nc6 3. d4 exd4 4. Nxd4 Nf6 5. Nxc6 bxc6 6. Bd3 d5 7. exd5 cxd5
8. O-O Be7 9. Bb5+ Bd7 10. Bxd7+ Qxd7 11. b3 O-O 12. Bb2 Rfe8 13. Nd2 Qf5 14.
Nf3 c6 15. Nd4 Qd7 16. Qf3 Ne4 17. Nf5 Bf6 18. Bxf6 Nxf6 19. Rfe1 Rxe1+ 20.
Rxe1 Re8 1/2-1/2

[Event "Senior-DM 65+ 2023"]
[Site "Aalborg"]
[Date "2023.02.23"]
[Round "5"]
[White "Matras, Ove"]
[Black "Falberg, Hugo"]
[Result "0-1"]
[WhiteElo "1787"]
[BlackElo "1902"]
[PlyCount "68"]
[EventDate "2023.02.19"]
[EventType "swiss"]
[EventRounds "7"]
[EventCountry "DEN"]
[SourceTitle "Live v Hans Engen"]

1. g3 f5 2. b3 Nf6 3. Bb2 e6 4. Bg2 Be7 5. d3 d5 6. Nd2 O-O 7. f4 Ng4 8. Nf1 d4
9. h3 Bb4+ 10. Nd2 Ne3 11. Qc1 Nxg2+ 12. Kf2 Bxd2 13. Qxd2 Ne3 14. Nf3 Nd5 15.
Bxd4 Nc6 16. Bb2 Bd7 17. c4 Nf6 18. Rag1 Qe7 19. Qc3 Rad8 20. a3 Be8 21. e3 Bg6
22. b4 a6 23. b5 axb5 24. cxb5 Nd5 25. Qc2 Nb8 26. Ne5 Nd7 27. e4 fxe4 28. dxe4
Nxe5 29. Bxe5 Qxa3 30. Re1 Rf7 31. Qd2 Rfd7 32. exd5 Rxd5 33. Qe3 Rd3 34. Qc1
Rf3+ 0-1

[Event "Senior-DM 65+ 2023"]
[Site "Aalborg"]
[Date "2023.02.23"]
[Round "5"]
[White "Gregor, Jan"]
[Black "Fjordside, Arne Dan"]
[Result "1-0"]
[WhiteElo "1687"]
[BlackElo "1829"]
[PlyCount "81"]
[EventDate "2023.02.19"]
[EventType "swiss"]
[EventRounds "7"]
[EventCountry "DEN"]
[SourceTitle "Live v Hans Engen"]

1. e4 e6 2. d4 d5 3. Nc3 Nf6 4. e5 Nfd7 5. Nf3 c5 6. Be3 Nc6 7. Bb5 Qb6 8. Bxc6
bxc6 9. Na4 Qc7 10. O-O cxd4 11. Qxd4 c5 12. Qf4 d4 13. Bd2 h6 14. h4 Bb7 15.
Rfe1 Be7 16. Qg3 O-O-O 17. Bf4 g5 18. hxg5 hxg5 19. Nxg5 Rdg8 20. c3 Bxg5 21.
Bxg5 Rh5 22. f4 f6 23. cxd4 Rhxg5 24. fxg5 Rxg5 25. Qd3 Qc6 26. d5 Qxa4 27. Re4
Nxe5 28. Qc3 Qxe4 29. Qxc5+ Kd8 30. Qf8+ Kd7 31. dxe6+ Kxe6 32. Qe8+ Kf5 33.
Rf1+ Nf3+ 34. Rxf3+ Qxf3 35. Qd7+ Kg6 36. Qe8+ Kf5 37. Qd7+ Kf4 38. Qd6+ Kg4
39. gxf3+ Kxf3+ 40. Kf1 Kg4 41. Qb4+ 1-0

[Event "Senior-DM 65+ 2023"]
[Site "Aalborg"]
[Date "2023.02.23"]
[Round "5"]
[White "Christensen, Verner"]
[Black "Petersen, Jan"]
[Result "1-0"]
[WhiteElo "1824"]
[BlackElo "1641"]
[PlyCount "57"]
[EventDate "2023.02.19"]
[EventType "swiss"]
[EventRounds "7"]
[EventCountry "DEN"]
[SourceTitle "Live v Hans Engen"]

1. e4 e5 2. Nc3 Nf6 3. Bc4 Be7 4. d3 a6 5. Nf3 d6 6. Bg5 Nbd7 7. O-O O-O 8. Qd2
Nb6 9. Bb3 c6 10. Ne2 Nh5 11. Bxe7 Qxe7 12. Qe3 Nd7 13. Ng5 h6 14. Nh3 Nc5 15.
f4 Nxb3 16. axb3 Nf6 17. f5 d5 18. Ng3 dxe4 19. Nxe4 Rd8 20. Qf3 b5 21. Nhf2
Bb7 22. Nxf6+ Qxf6 23. Ne4 Qe7 24. f6 Qf8 25. fxg7 Qxg7 26. Nf6+ Kf8 27. Rae1
Rab8 28. Qf2 Ke7 29. Qc5+ 1-0

[Event "Senior-DM 65+ 2023"]
[Site "Aalborg"]
[Date "2023.02.23"]
[Round "5"]
[White "Pilgaard, Johannes"]
[Black "Jensen, Bent Kiel"]
[Result "1-0"]
[WhiteElo "1664"]
[BlackElo "1556"]
[PlyCount "79"]
[EventDate "2023.02.19"]
[EventType "swiss"]
[EventRounds "7"]
[EventCountry "DEN"]
[SourceTitle "Live v Hans Engen"]

1. e4 d5 2. exd5 Qxd5 3. Nc3 Qd6 4. d4 Nf6 5. Nge2 Bf5 6. Bf4 Qd8 7. Ng3 Bg6 8.
Bc4 e6 9. d5 Nxd5 10. Nxd5 exd5 11. Bxd5 Qe7+ 12. Ne2 c6 13. Bb3 Nd7 14. Qd4
Qb4+ 15. c3 Qxd4 16. Nxd4 Bc5 17. Nf3 f6 18. O-O Bf7 19. Rfe1+ Kf8 20. Rad1 Nb6
21. Bd6+ Bxd6 22. Rxd6 Bxb3 23. axb3 Kf7 24. c4 Rhd8 25. Red1 Rxd6 26. Rxd6 Ke7
27. Rd3 Rd8 28. Re3+ Kf7 29. g3 Rd1+ 30. Kg2 Nd7 31. b4 Rb1 32. b3 Ne5 33. Nd2
Rb2 34. Ne4 b6 35. h3 h5 36. Nd6+ Kg6 37. Nc8 Ra2 38. Kf1 Kf5 39. f4 Ng6 40.
Nd6# 1-0

[Event "Senior-DM 65+ 2023"]
[Site "Aalborg"]
[Date "2023.02.23"]
[Round "5"]
[White "Christensen, Claus"]
[Black "Andersson, Finn"]
[Result "1/2-1/2"]
[WhiteElo "1536"]
[BlackElo "1701"]
[PlyCount "32"]
[EventDate "2023.02.19"]
[EventType "swiss"]
[EventRounds "7"]
[EventCountry "DEN"]
[SourceTitle "Live v Hans Engen"]

1. d4 e6 2. Bf4 d5 3. Nf3 c5 4. e3 Nc6 5. dxc5 Bxc5 6. c3 Bd6 7. Bg3 Bxg3 8.
hxg3 Qf6 9. Nbd2 Nh6 10. Bd3 e5 11. e4 Be6 12. exd5 Bxd5 13. Be4 Qd8 14. Bxd5
Qxd5 15. Qb3 Rd8 16. Qxd5 Rxd5 1/2-1/2

[Event "Senior-DM 65+ 2023"]
[Site "Aalborg"]
[Date "2023.02.23"]
[Round "5"]
[White "Gottschalck, Christian"]
[Black "Nielsen, Bent K"]
[Result "1-0"]
[WhiteElo "1691"]
[BlackElo "1304"]
[PlyCount "49"]
[EventDate "2023.02.19"]
[EventType "swiss"]
[EventRounds "7"]
[EventCountry "DEN"]
[SourceTitle "Live v Hans Engen"]

1. e4 c5 2. a3 d6 3. b4 b6 4. Bb2 e6 5. Nf3 Nf6 6. Bb5+ Bd7 7. Bxd7+ Nbxd7 8.
Qe2 Be7 9. O-O O-O 10. d4 cxd4 11. Nxd4 Qc7 12. c4 Qb7 13. Nd2 a6 14. f4 Ne8
15. N2f3 Bf6 16. Rad1 g6 17. f5 Ne5 18. fxe6 fxe6 19. Nxe6 Rf7 20. Nxe5 dxe5
21. Qg4 Ng7 22. Nxg7 Kxg7 23. Bxe5 Bxe5 24. Rxf7+ Qxf7 25. Rd7 1-0

[Event "Senior-DM 65+ 2023"]
[Site "Aalborg"]
[Date "2023.02.23"]
[Round "5"]
[White "Lindhard, Lars"]
[Black "Jorgensen, Orla Eilegaard"]
[Result "0-1"]
[WhiteElo "1284"]
[BlackElo "1482"]
[PlyCount "90"]
[EventDate "2023.02.19"]
[EventType "swiss"]
[EventRounds "7"]
[EventCountry "DEN"]
[SourceTitle "Live v Hans Engen"]

1. e4 c5 2. c3 d6 3. d4 cxd4 4. cxd4 a6 5. Nc3 Nf6 6. Nf3 g6 7. h3 Bg7 8. Bd3
b5 9. O-O Bb7 10. Re1 O-O 11. e5 dxe5 12. dxe5 Nfd7 13. e6 fxe6 14. Rxe6 Nc5
15. Re2 Bxf3 16. gxf3 Nxd3 17. Rd2 Qc8 18. Rxd3 Qxh3 19. Rd8 Qf5 20. Rxf8+ Bxf8
21. Qd5+ Qxd5 22. Nxd5 Nc6 23. Be3 Rd8 24. Rd1 Kf7 25. Nc3 Rxd1+ 26. Nxd1 Bg7
27. b3 Nb4 28. a3 Nd5 29. Bd2 e5 30. Nc3 Nxc3 31. Bxc3 Ke6 32. f4 Bf6 33. fxe5
Bxe5 34. Bd2 Kd5 35. Kg2 Kd4 36. Kf3 Bd6 37. Bb4 Bxb4 38. axb4 Kc3 39. Kg4 Kxb3
40. f4 Kxb4 41. Kg5 a5 42. Kh6 a4 43. Kxh7 a3 44. Kxg6 a2 45. f5 a1=Q 0-1

[Event "Senior-DM 65+ 2023"]
[Site "Aalborg"]
[Date "2023.02.24"]
[Round "6"]
[White "Andreasen, Per Naesby"]
[Black "Thuesen, Mogens Henrik"]
[Result "1-0"]
[WhiteElo "2229"]
[BlackElo "2137"]
[PlyCount "59"]
[EventDate "2023.02.19"]
[EventType "swiss"]
[EventRounds "7"]
[EventCountry "DEN"]
[SourceTitle "Live v Hans Engen"]

1. c4 e5 2. Nc3 Nc6 3. e3 Nf6 4. Nf3 Bb4 5. Nd5 Be7 6. d4 exd4 7. Nxe7 Qxe7 8.
Nxd4 Ne4 9. a3 a5 10. Be2 O-O 11. O-O a4 12. Bd3 d6 13. Qc2 Nf6 14. Nxc6 bxc6
15. Bd2 c5 16. Bc3 h6 17. Rae1 Bb7 18. e4 Nd7 19. f4 Nb6 20. e5 d5 21. cxd5
Bxd5 22. f5 Qg5 23. Be4 Rad8 24. Rf3 Bxe4 25. Qxe4 Nd5 26. Rg3 Nxc3 27. bxc3
Qd2 28. f6 g5 29. e6 Rfe8 30. exf7+ 1-0

[Event "Senior-DM 65+ 2023"]
[Site "Aalborg"]
[Date "2023.02.24"]
[Round "6"]
[White "Mikkelsen, Peter Jorgen Dam"]
[Black "Kolbak, Jens"]
[Result "0-1"]
[WhiteElo "2101"]
[BlackElo "2134"]
[PlyCount "94"]
[EventDate "2023.02.19"]
[EventType "swiss"]
[EventRounds "7"]
[EventCountry "DEN"]
[SourceTitle "Live v Hans Engen"]

1. Nf3 Nf6 2. g3 c5 3. Bg2 Nc6 4. c4 d6 5. d4 cxd4 6. Nxd4 Bd7 7. Nc3 g6 8. O-O
Bg7 9. h3 O-O 10. Be3 Qc8 11. Nxc6 bxc6 12. Kh2 Rb8 13. Qd2 a5 14. Rac1 Qa6 15.
b3 Rfe8 16. g4 h5 17. g5 Nh7 18. Bf4 Rbd8 19. e4 e5 20. Be3 Be6 21. f4 exf4 22.
Bxf4 Be5 23. Qe3 Nf8 24. Bxe5 dxe5 25. Rcd1 Nd7 26. Na4 Nf8 27. Rd2 Rxd2 28.
Qxd2 Bc8 29. Qd6 Qb7 30. Nc5 Qe7 31. Qxc6 Ne6 32. Nxe6 Bxe6 33. Qb5 Bd7 34.
Qxa5 Qxg5 35. Qe1 Be6 36. Qg3 Qd8 37. Bf3 h4 38. Qg2 Qe7 39. Rd1 Rd8 40. Qe2
Rxd1 41. Qxd1 Qg5 42. Qe1 Qf4+ 43. Kg2 Qg5+ 44. Kh2 Qf4+ 45. Kg2 Bxh3+ 46. Kxh3
Qxf3+ 47. Kxh4 f6 0-1

[Event "Senior-DM 65+ 2023"]
[Site "Aalborg"]
[Date "2023.02.24"]
[Round "6"]
[White "Meldgaard, Frode"]
[Black "Pedersen, Karsten Nymann"]
[Result "1/2-1/2"]
[WhiteElo "1804"]
[BlackElo "2057"]
[PlyCount "177"]
[EventDate "2023.02.19"]
[EventType "swiss"]
[EventRounds "7"]
[EventCountry "DEN"]
[SourceTitle "Live v Hans Engen"]

1. e4 e5 2. Nc3 Bc5 3. Nf3 Nc6 4. Bc4 Nf6 5. d3 h6 6. a3 d6 7. h3 a6 8. b4 Bb6
9. Rb1 O-O 10. O-O Bd7 11. Ne2 Qe7 12. Ng3 Rad8 13. Qe2 Bc8 14. Be3 Bxe3 15.
fxe3 d5 16. exd5 Nxd5 17. Bxd5 Rxd5 18. Rf2 Be6 19. Rbf1 Rfd8 20. Nd2 a5 21.
Nf5 Qf8 22. e4 R5d7 23. bxa5 g6 24. Nh4 Nd4 25. Qd1 Qxa3 26. Ndf3 Qxa5 27. Nh2
Qc5 28. Ng4 Bxg4 29. Qxg4 Ne6 30. Kh2 Ng7 31. Nf3 b5 32. Qh4 h5 33. Qg3 Re7 34.
Ng5 f5 35. exf5 gxf5 36. h4 f4 37. Qf3 Qd5 38. Ne4 Re6 39. g4 hxg4 40. Qxg4 Rf8
41. Rg1 Re7 42. Qf3 Qc6 43. Rfg2 Qh6 44. Kh3 Qe6+ 45. Rg4 Kh8 46. Kh2 Qh6 47.
Qf2 Nf5 48. Kh3 Rh7 49. Qc5 Re8 50. Qxb5 c6 51. Qc4 Rg7 52. Qc5 Rxg4 53. Rxg4
Ne3 54. Ng5 Qf6 55. Qa7 Qe7 56. Qxe7 Rxe7 57. Rg1 Nxc2 58. Kg4 Ne3+ 59. Kf3 Nf5
60. Rc1 Kg7 61. Kg4 Nd4 62. Nf3 Nxf3 63. Kxf3 Rd7 64. Ke2 Rd6 65. Rc5 Kf6 66.
Rc1 Kf5 67. Rg1 Rg6 68. Rh1 Rh6 69. Kf3 Rg6 70. Rh3 Rd6 71. Ke2 Kg4 72. Rh1 f3+
73. Ke3 Rf6 74. Kf2 Kf4 75. h5 Kg5 76. h6 Rxh6 77. Rxh6 Kxh6 78. Kxf3 Kg5 79.
Ke4 Kf6 80. d4 exd4 81. Kxd4 Ke6 82. Kc5 Kd7 83. Kc4 Kd6 84. Kd4 c5+ 85. Kc4
Kc6 86. Kc3 Kc7 87. Kc4 Kb6 88. Kc3 Kb5 89. Kb3 1/2-1/2

[Event "Senior-DM 65+ 2023"]
[Site "Aalborg"]
[Date "2023.02.24"]
[Round "6"]
[White "Madsen, Svend Aage"]
[Black "Andersen, Lars Christoff"]
[Result "0-1"]
[WhiteElo "2030"]
[BlackElo "2009"]
[PlyCount "60"]
[EventDate "2023.02.19"]
[EventType "swiss"]
[EventRounds "7"]
[EventCountry "DEN"]
[SourceTitle "Live v Hans Engen"]

1. e4 e6 2. d4 d5 3. Nd2 a6 4. Bd3 c5 5. c3 Nc6 6. Ne2 cxd4 7. cxd4 dxe4 8.
Nxe4 Be7 9. O-O Nf6 10. Nxf6+ Bxf6 11. Be3 O-O 12. Be4 Qa5 13. Qc2 g6 14. Bxc6
bxc6 15. Qxc6 Rb8 16. Qc3 Qb5 17. Ng3 Bb7 18. b3 Bg7 19. Rac1 f5 20. Qd2 Qd5
21. f3 Rbd8 22. Rfd1 f4 23. Bxf4 Qxd4+ 24. Qxd4 Bxd4+ 25. Kf1 Rxf4 26. Ne2 Rh4
27. g3 Rxh2 28. Nxd4 Rh1+ 29. Ke2 Rxd1 30. Rxd1 e5 0-1

[Event "Senior-DM 65+ 2023"]
[Site "Aalborg"]
[Date "2023.02.24"]
[Round "6"]
[White "Svane, Henrik"]
[Black "Olesen, Poul Erik Norgaard"]
[Result "1-0"]
[WhiteElo "2014"]
[BlackElo "1981"]
[PlyCount "53"]
[EventDate "2023.02.19"]
[EventType "swiss"]
[EventRounds "7"]
[EventCountry "DEN"]
[SourceTitle "Live v Hans Engen"]

1. d4 d6 2. c4 Nf6 3. Nc3 g6 4. e4 Bg7 5. f4 O-O 6. Nf3 c5 7. d5 e6 8. dxe6
fxe6 9. Bd3 Nc6 10. O-O a6 11. Ng5 Nd4 12. e5 Ne8 13. Nxh7 Rf5 14. Bxf5 exf5
15. Ng5 dxe5 16. fxe5 Bxe5 17. Nd5 Nd6 18. Qd3 b5 19. Qh3 Ra7 20. Qh6 Rg7 21.
Bf4 Nxc4 22. Bxe5 Nxe5 23. Nf4 Qf6 24. Rae1 Qd6 25. Kh1 Bd7 26. Rxe5 Qxe5 27.
Nxg6 1-0

[Event "Senior-DM 65+ 2023"]
[Site "Aalborg"]
[Date "2023.02.24"]
[Round "6"]
[White "Ortoft, Kai"]
[Black "Poulsen, Knud"]
[Result "0-1"]
[WhiteElo "1923"]
[BlackElo "1699"]
[PlyCount "110"]
[EventDate "2023.02.19"]
[EventType "swiss"]
[EventRounds "7"]
[EventCountry "DEN"]
[SourceTitle "Live v Hans Engen"]

1. d4 d5 2. Nf3 Nf6 3. c4 e6 4. g3 c6 5. Bg2 dxc4 6. Ne5 Bb4+ 7. Nc3 Bxc3+ 8.
bxc3 Qa5 9. Bd2 Qa6 10. a4 Nbd7 11. Nxd7 Bxd7 12. e4 O-O 13. O-O b6 14. Bg5 Qa5
15. Qd2 h6 16. Bxf6 gxf6 17. Qxh6 Qg5 18. Qxg5+ fxg5 19. e5 f5 20. exf6 Rxf6
21. Rfe1 Raf8 22. Ra2 Kg7 23. Re3 Rh6 24. Re5 Rf5 25. Bf1 Kf6 26. Rxf5+ exf5
27. Bxc4 Be6 28. Bxe6 Kxe6 29. Re2+ Kd5 30. Re5+ Kc4 31. Rxf5 Kxc3 32. Rxg5
Kxd4 33. h4 c5 34. Kf1 Re6 35. h5 c4 36. Rg6 Re8 37. Rd6+ Kc3 38. Rc6 Kb3 39.
g4 c3 40. g5 Re5 41. f4 Rc5 42. Re6 c2 43. Re1 Rf5 44. Kg2 Rxf4 45. Kg3 Rd4 46.
Rc1 Rd1 47. Rxc2 Kxc2 48. h6 Rh1 49. Kf4 Kd3 50. Kf5 Rf1+ 51. Kg6 Ke4 52. h7
Rh1 53. Kg7 Kf5 54. g6 Kg5 55. Kf7 Rh6 0-1

[Event "Senior-DM 65+ 2023"]
[Site "Aalborg"]
[Date "2023.02.24"]
[Round "6"]
[White "Falberg, Hugo"]
[Black "Gregor, Jan"]
[Result "1-0"]
[WhiteElo "1902"]
[BlackElo "1687"]
[PlyCount "83"]
[EventDate "2023.02.19"]
[EventType "swiss"]
[EventRounds "7"]
[EventCountry "DEN"]
[SourceTitle "Live v Hans Engen"]

1. f4 d5 2. Nf3 c5 3. e3 g6 4. Be2 Bg7 5. O-O Nf6 6. d3 O-O 7. Qe1 Nc6 8. Qh4
Qc7 9. h3 e5 10. fxe5 Nxe5 11. e4 dxe4 12. dxe4 Nxf3+ 13. Bxf3 Be6 14. Nc3 Nd7
15. Nd5 Bxd5 16. exd5 Rae8 17. Bf4 Bd4+ 18. Kh1 Qb6 19. Qg3 Be5 20. c4 Qxb2 21.
Rab1 Bxf4 22. Qxf4 Qe5 23. Qxe5 Nxe5 24. Rxb7 Nxc4 25. Rxa7 Rd8 26. Rc1 Ne5 27.
Rxc5 Nxf3 28. gxf3 Rd6 29. Kg2 Rfd8 30. Raa5 Kg7 31. f4 Kf6 32. Kf3 Kf5 33. a4
h5 34. h4 Re8 35. Rc6 Red8 36. Rxd6 Rxd6 37. Rb5 f6 38. a5 g5 39. fxg5 fxg5 40.
hxg5 h4 41. g6 Kxg6 42. Rb6 1-0

[Event "Senior-DM 65+ 2023"]
[Site "Aalborg"]
[Date "2023.02.24"]
[Round "6"]
[White "Christiansen, Arne"]
[Black "Christiansen, Jens Jorgen"]
[Result "1/2-1/2"]
[WhiteElo "1957"]
[BlackElo "2095"]
[PlyCount "20"]
[EventDate "2023.02.19"]
[EventType "swiss"]
[EventRounds "7"]
[EventCountry "DEN"]
[SourceTitle "Live v Hans Engen"]

1. d4 Nf6 2. c4 e6 3. Nf3 d5 4. Nc3 c6 5. e3 Nbd7 6. Bd3 dxc4 7. Bxc4 b5 8. Bd3
b4 9. Ne4 Nxe4 10. Bxe4 Bb7 1/2-1/2

[Event "Senior-DM 65+ 2023"]
[Site "Aalborg"]
[Date "2023.02.24"]
[Round "6"]
[White "Skovgaard, Tom"]
[Black "Christensen, Verner"]
[Result "1/2-1/2"]
[WhiteElo "1982"]
[BlackElo "1824"]
[PlyCount "85"]
[EventDate "2023.02.19"]
[EventType "swiss"]
[EventRounds "7"]
[EventCountry "DEN"]
[SourceTitle "Live v Hans Engen"]

1. e4 e5 2. Nf3 Nc6 3. d4 exd4 4. Nxd4 Bc5 5. Nxc6 Qf6 6. Qf3 dxc6 7. Nc3 Qxf3
8. gxf3 Be6 9. Be3 Bxe3 10. fxe3 O-O-O 11. Rg1 g6 12. Bd3 Ne7 13. O-O-O c5 14.
Be2 Nc6 15. Bb5 Ne5 16. Be2 Nc4 17. Bxc4 Bxc4 18. Rxd8+ Rxd8 19. Rd1 Rxd1+ 20.
Kxd1 c6 21. a3 b6 22. Ke1 Kd8 23. Kf2 Ke7 24. f4 f6 25. h4 Ke6 26. Kg3 Ke7 27.
Kf2 Ke6 28. Nb1 Ke7 29. Nd2 Be6 30. Nf3 a5 31. e5 f5 32. Ng5 Bg8 33. Nf3 Bd5
34. Nd2 a4 35. Nf1 b5 36. c3 Ke6 37. Nd2 Ke7 38. Kg3 h5 39. Kf2 c4 40. Nf1 Be4
41. Nd2 Bd5 42. Nf1 Be4 43. Nd2 1/2-1/2

[Event "Senior-DM 65+ 2023"]
[Site "Aalborg"]
[Date "2023.02.24"]
[Round "6"]
[White "Nielsen, Christian Volmer"]
[Black "Pilgaard, Johannes"]
[Result "1-0"]
[WhiteElo "1979"]
[BlackElo "1664"]
[PlyCount "73"]
[EventDate "2023.02.19"]
[EventType "swiss"]
[EventRounds "7"]
[EventCountry "DEN"]
[SourceTitle "Live v Hans Engen"]

1. e4 c5 2. c3 Nf6 3. e5 Nd5 4. d4 d6 5. Nf3 cxd4 6. cxd4 e6 7. Nc3 Nxc3 8.
bxc3 Nc6 9. exd6 Bxd6 10. Bd3 Qc7 11. O-O Ne7 12. c4 b6 13. Re1 O-O 14. Bb2 Bb7
15. h4 Rad8 16. Rc1 Bf4 17. Rc2 Qd7 18. Ne5 Bxe5 19. Rxe5 f6 20. Re3 Nc6 21.
Rd2 Rfe8 22. h5 Nb4 23. Bb1 Qc6 24. Rg3 Qxc4 25. Qg4 Re7 26. h6 g5 27. f4 Qd5
28. fxg5 f5 29. Qh4 Rf8 30. g6 Qd6 31. Re2 f4 32. gxh7+ Kh8 33. Rg8+ Rxg8 34.
hxg8=Q+ Kxg8 35. h7+ Kh8 36. Qf6+ Rg7 37. d5 1-0

[Event "Senior-DM 65+ 2023"]
[Site "Aalborg"]
[Date "2023.02.24"]
[Round "6"]
[White "Mortensen, Steen Juul"]
[Black "Christensen, Claus"]
[Result "1-0"]
[WhiteElo "1884"]
[BlackElo "1536"]
[PlyCount "31"]
[EventDate "2023.02.19"]
[EventType "swiss"]
[EventRounds "7"]
[EventCountry "DEN"]
[SourceTitle "Live v Hans Engen"]

1. d4 d5 2. Nf3 Nf6 3. c4 c6 4. Nc3 e6 5. Qd3 Be7 6. g3 Nbd7 7. Bg2 dxc4 8.
Qxc4 O-O 9. O-O h6 10. Rd1 Nb6 11. Qb3 Bd6 12. e4 Bc7 13. a4 Bd7 14. h3 Qe8 15.
a5 Nc8 16. Qxb7 1-0

[Event "Senior-DM 65+ 2023"]
[Site "Aalborg"]
[Date "2023.02.24"]
[Round "6"]
[White "Andersson, Finn"]
[Black "Johnsen, Oystein"]
[Result "0-1"]
[WhiteElo "1701"]
[BlackElo "1918"]
[PlyCount "61"]
[EventDate "2023.02.19"]
[EventType "swiss"]
[EventRounds "7"]
[EventCountry "DEN"]
[SourceTitle "Live v Hans Engen"]

1. e4 c5 2. Nf3 e6 3. d4 cxd4 4. Nxd4 a6 5. Nc3 Qc7 6. Be3 b5 7. Bd3 Bb7 8. O-O
Nf6 9. f4 h5 10. Qf3 Ng4 11. Ncxb5 axb5 12. Nxb5 Qd8 13. Bd4 Nc6 14. Bc3 Bc5+
15. Kh1 Ba6 16. Rad1 Ne3 17. Nd6+ Kf8 18. Nxf7 Kxf7 19. f5 exf5 20. Qg3 Rh7 21.
exf5 Ng4 22. Bxa6 Rxa6 23. Qd3 Qb6 24. Qc4+ Kf8 25. Rxd7 Nce5 26. Bxe5 Nxe5 27.
Rd8+ Qxd8 28. Qxc5+ Qd6 29. Qc8+ Kf7 30. Qb7+ Kf6 31. Qb3 0-1

[Event "Senior-DM 65+ 2023"]
[Site "Aalborg"]
[Date "2023.02.24"]
[Round "6"]
[White "Gottschalck, Christian"]
[Black "Bohnstedt, Michael"]
[Result "1-0"]
[WhiteElo "1691"]
[BlackElo "1470"]
[PlyCount "45"]
[EventDate "2023.02.19"]
[EventType "swiss"]
[EventRounds "7"]
[EventCountry "DEN"]
[SourceTitle "Live v Hans Engen"]

1. e4 e5 2. Nf3 Nc6 3. d4 exd4 4. Bc4 h6 5. O-O Bc5 6. c3 dxc3 7. Bxf7+ Kf8 8.
Nxc3 Qe7 9. Bb3 Nf6 10. Nd5 Nxd5 11. exd5 Na5 12. Re1 Qd6 13. Bc2 Qb6 14. Qe2
Bxf2+ 15. Qxf2 Qxf2+ 16. Kxf2 Nc4 17. b3 Nd6 18. Bg6 b6 19. Bf4 Bb7 20. Bxd6+
cxd6 21. Rad1 Rc8 22. Rd4 Rc2+ 23. Bxc2 1-0

[Event "Senior-DM 65+ 2023"]
[Site "Aalborg"]
[Date "2023.02.24"]
[Round "6"]
[White "Petersen, Jan"]
[Black "Matras, Ove"]
[Result "0-1"]
[WhiteElo "1641"]
[BlackElo "1787"]
[PlyCount "60"]
[EventDate "2023.02.19"]
[EventType "swiss"]
[EventRounds "7"]
[EventCountry "DEN"]
[SourceTitle "Live v Hans Engen"]

1. d4 c6 2. Nf3 g6 3. e4 Bg7 4. c4 d6 5. Nc3 f5 6. g3 fxe4 7. Nxe4 Nf6 8. Nxf6+
exf6 9. Bg2 O-O 10. O-O Bg4 11. Bd2 Nd7 12. Bc3 Qc7 13. Qd2 Rad8 14. Rae1 Rf7
15. h3 Bxf3 16. Bxf3 f5 17. Bg2 Nf6 18. Re2 d5 19. c5 Ne4 20. Bxe4 fxe4 21. Ba5
b6 22. Bc3 Rf3 23. cxb6 axb6 24. a4 Re8 25. Kg2 Qf7 26. Bb4 Rd3 27. Qe1 Bxd4
28. Rd2 Qf3+ 29. Kh2 c5 30. Rxd3 Qxd3 0-1

[Event "Senior-DM 65+ 2023"]
[Site "Aalborg"]
[Date "2023.02.24"]
[Round "6"]
[White "Jorgensen, Orla Eilegaard"]
[Black "Jensen, Bent Kiel"]
[Result "1-0"]
[WhiteElo "1482"]
[BlackElo "1556"]
[PlyCount "81"]
[EventDate "2023.02.19"]
[EventType "swiss"]
[EventRounds "7"]
[EventCountry "DEN"]
[SourceTitle "Live v Hans Engen"]

1. e4 d5 2. exd5 Qxd5 3. Nc3 Qd6 4. d4 Bf5 5. Nf3 e6 6. g3 Nf6 7. Bg2 c6 8. O-O
Qd8 9. Re1 Bb4 10. Bf4 O-O 11. Ne5 Nd5 12. Bd2 Bd6 13. a3 Nd7 14. b4 N7f6 15.
Na4 Qc7 16. Nc5 Rad8 17. c4 Nb6 18. Rc1 Nbd7 19. Ncxd7 Nxd7 20. Nxd7 Rxd7 21.
c5 Be7 22. Bf4 Qd8 23. Be3 Bf6 24. Qa4 a6 25. Rcd1 Qc8 26. Rd2 Rfd8 27. Red1
Bg4 28. f3 Bh5 29. g4 Bg6 30. g5 Be7 31. f4 Bf5 32. Bf3 Qc7 33. h4 f6 34. Kf2
e5 35. Qb3+ Kh8 36. d5 exf4 37. d6 fxe3+ 38. Qxe3 Bxd6 39. cxd6 Qc8 40. gxf6
gxf6 41. Qf4 1-0